000 00671nam a2200277Ia 4500
005 20260324124551.0
008 008 260324s9999 xx 000 0 eng d
020 _a9780429187018
037 _aEBOOK
040 _aCRL
040 _beng
040 _cCRL
041 _2eng
041 _aeng
084 _qCRL
100 _aConstantine Pozrikidis
_91077234
245 0 _aComputational Hydrodynamics of Capsules and Biological Cells
260 _bTaylor and Francis
260 _c2010
365 _a
365 _b340
856 _uhttp://www.taylorfrancis.com/books/9780429187018
942 _cEBOOK
999 _c1769138
_d1769138